Healthy Minds in the Twentieth Century (Record no. 76590)
[ view plain ]
| 000 -LEADER | |
|---|---|
| fixed length control field | 00634nam a2200193Ia 4500 |
| 008 - FIXED-LENGTH DATA ELEMENTS--GENERAL INFORMATION | |
| fixed length control field | 220705s9999||||xx |||||||||||||| ||und|| |
| 020 ## - INTERNATIONAL STANDARD BOOK NUMBER | |
| International Standard Book Number | 978-3-030-27274-6 |
| 020 ## - INTERNATIONAL STANDARD BOOK NUMBER | |
| International Standard Book Number | 978-3-030-27275-3 |
| 040 ## - CATALOGING SOURCE | |
| Transcribing agency | Springer |
| 041 ## - LANGUAGE CODE | |
| Language code of text/sound track or separate title | English |
| 100 ## - MAIN ENTRY--PERSONAL NAME | |
| Personal name | Alice Brumby |
| 100 ## - MAIN ENTRY--PERSONAL NAME | |
| Personal name | Steven J. Taylor |
| 245 #0 - TITLE STATEMENT | |
| Title | Healthy Minds in the Twentieth Century |
| 260 ## - PUBLICATION, DISTRIBUTION, ETC. | |
| Name of publisher, distributor, etc. | Springer International Publishing |
| Date of publication, distribution, etc. | 2020 |
| 490 ## - SERIES STATEMENT | |
| Series statement | Mental Health in Historical Perspective |
| International Standard Serial Number | 2634-6044 |
| 650 ## - SUBJECT ADDED ENTRY--TOPICAL TERM | |
| Topical term | History |
| 856 ## - ELECTRONIC LOCATION AND ACCESS | |
| DOI | <a href="https://doi.org/10.1007/978-3-030-27275-3">https://doi.org/10.1007/978-3-030-27275-3</a> |
| Uniform Resource Identifier | <a href="https://link.springer.com/openurl?genre=book&isbn=978-3-030-27275-3">https://link.springer.com/openurl?genre=book&isbn=978-3-030-27275-3</a> |
| 942 ## - ADDED ENTRY ELEMENTS (KOHA) | |
| Koha item type | E-Books |
No items available.
